00337 2200157 4500001002100000005001500021035002000036245002300056100001700079300000700096260003000103082000800133084001400141990001200155990001200167INLIS00000000000226120250527024856 a0010-05250005531 aMajalah Deutshland0 aTini Harjono a65 aJakarta :bKatalis,c2008 a430 a430 TIN m a0713325 a0713326